Working papers in critical realism and sociological theory /

Bibliographic Details
Other Authors: Mohan, Raj P., Wilke, Arthur S.
Format: Book
Language:English
Published: New Delhi : Concept Pub. Co., 1980.
Subjects:

MARC

Tag First Indicator Second Indicator Subfields
LEADER 00000cam a2200000 a 4500
001 in00000074098
005 20151008060158.0
008 820120s1980 ii b 00100 eng d
035 |a (OCoLC)08077556 
035 |9 AAJ5262AM 
040 |a JNA  |c JNA  |d TXA  |d UtOrBLW 
049 |a TXAM  |c [1272233] 
090 |a HM24  |b .W675 
245 0 0 |a Working papers in critical realism and sociological theory /  |c introduced and edited by Raj P. Mohan, Arthur S. Wilke. 
264 1 |a New Delhi :  |b Concept Pub. Co.,  |c 1980. 
300 |a xvi, 376 pages ;  |c 23 cm. 
336 |a text  |b txt  |2 rdacontent 
337 |a unmediated  |b n  |2 rdamedia 
338 |a volume  |b nc  |2 rdacarrier 
500 |a Spine title: Critical realism and sociological theory. 
504 |a Includes bibliographical references and index. 
650 0 |a Sociology  |x Philosophy. 
700 1 |a Mohan, Raj P. 
700 1 |a Wilke, Arthur S. 
740 0 |a Critical realism and sociological theory. 
999 |a MARS 
999 f f |s d024d3b2-48d3-32d4-8728-3619cb6fcd5d  |i 081ccf9f-a18d-31d7-a962-11a0ee3ee6a0  |t 0 
952 f f |p ric  |a Texas A&M University  |b Rellis Campus  |c Joint Library Facility  |d Remote Storage  |t 0  |e HM24 .W675  |h Library of Congress classification  |i unmediated -- volume  |m A14806138858 
998 f f |a HM24 .W675  |t 0  |l Remote Storage